MARC details
| 000 -CABECERA |
| campo de control de longitud fija |
02337cab a2200265 ab4500 |
| 005 - FECHA Y HORA DE LA ÚLTIMA TRANSACCIÓN |
| campo de control |
20250311103209.0 |
| 008 - ELEMENTOS DE LONGITUD FIJA--INFORMACIÓN GENERAL |
| campo de control de longitud fija |
991125c2018 sp fr p o 000 0 spa d |
| 035 ## - NÚMERO DE CONTROL DEL SISTEMA |
| Número de control de sistema |
UPN01000231826 |
| 040 ## - FUENTE DE LA CATALOGACIÓN |
| Centro catalogador/agencia de origen |
MX-MxUPN |
| Lengua de catalogación |
spa |
| Centro/agencia transcriptor |
MX-MxUPN |
| Normas de descripción |
aacr2 |
| 049 ## - COLECCIÓN |
| Colección |
ART-E |
| 100 1# - ASIENTO PRINCIPAL--NOMBRE PERSONAL |
| Nombre de persona |
Menchén Bellón, Francisco |
| Enlace |
- fcomenchen@yahoo.com |
| 245 13 - MENCIÓN DE TÍTULO |
| Título |
El aprendizaje creativo y el cerebro : |
| Resto del título |
rescatar el concepto de “aprehender” |
| 506 0# - NOTA DE RESTRICCIONES AL ACCESO |
| Limitaciones de acceso |
Acceso abierto |
| 520 3# - NOTA DE RESUMEN, ETC. |
| Sumario, etc. |
El reto de la educación en las próximas décadas no será, simplemente, el dominio del conocimiento, sino el poder del aprendizaje creativo. La era del aprendizaje repetitivo pertenece al pasado. En el siglo xxi brillará el aprendizaje creativo, que será la herramienta principal del aula. Los alumnos del futuro tendrán que aprehender de forma holística, permanente y creativa. Asociar educación a escuela es un pensamiento propio de la revolución industrial y no de la revolución de la creatividad. Todo cuanto conocemos y sabemos no es más que una creación de la mente humana, fruto del aprendizaje creativo. El hecho de asumir una nueva manera de entender el aprendizaje, lleva consigo la modificación del patrón de comportamiento o los pertinentes algoritmos. Todo depende del sentido que le demos a lo que hacemos. Para implementar en el aula el aprendizaje creativo el docente debe contemplar dos factores: rescatar el concepto de aprehender, y conocer el funcionamiento del cerebro a la hora de enseñar. En consecuencia, el docente debe respetar el ritmo de aprendizaje creativo que tiene cada alumno y además contemplar que, para crear conocimiento es necesario conocer el proceso cerebral que interviene. Para gestionar este cambio, es imprescindible salirse de la zona de confort e inspirar a los alumnos a desarrollar habilidades nuevas y despertar pasión por aprehender. RIEJS |
| 650 #2 - ASIENTO SECUNDARIO DE MATERIA - TERMINO TEMATICO |
| Término de materia o nombre geográfico como elemento de entrada |
Creatividad |
| 9 (RLIN) |
5008 |
| 650 #4 - ASIENTO SECUNDARIO DE MATERIA - TERMINO TEMATICO |
| Término de materia o nombre geográfico como elemento de entrada |
Pensamiento creativo |
| 9 (RLIN) |
12761 |
| 653 0# - TERMINO DE INDIZACION - NO CONTROLADO |
| Término no controlado |
Aprendizaje creativo |
| 653 0# - TERMINO DE INDIZACION - NO CONTROLADO |
| Término no controlado |
Cerebro |
| 773 ## - ENLACE AL DOCUMENTO FUENTE/ENTRADA DE REGISTRO ANFITRIÓN |
| Parte(s) relacionada(s) |
Vol. 7, no. 2 (2018), p. 47-59 |
| Título |
RIEJS: revista internacional de educación para la justicia social |
| Número Internacional Normalizado para Publicaciones Seriadas |
2254-3139 |
| 856 4# - LOCALIZACIÓN Y ACCESO ELECTRÓNICOS |
| Identificador Uniforme del Recurso |
<a href="https://revistas.uam.es/riejs/article/view/10304/10398">https://revistas.uam.es/riejs/article/view/10304/10398</a> |
| 856 4# - LOCALIZACIÓN Y ACCESO ELECTRÓNICOS |
| Identificador Uniforme del Recurso |
<a href="https://doi.org/10.15366/riejs2018.7.2.003">https://doi.org/10.15366/riejs2018.7.2.003</a> |
| 902 ## - ELEMENTOS DE DATOS B LOCAL, LDB (RLIN) |
| Creó |
Leonor Sotres/110325 |
| 905 ## - TIPO DE MATERIAL |
| Tipo de material |
Articulo |
| 942 ## - ELEMENTOS DE PUNTO DE ACCESO ADICIONAL (KOHA) |
| Tipo de ítem Koha |
Artículo Electrónico |